Alien home & other stories (Record no. 7836)
[ view plain ]
| 000 -LEADER | |
|---|---|
| fixed length control field | 00441cam a2200193ua 4500 |
| 001 - CONTROL NUMBER | |
| control field | 8745 |
| 005 - DATE AND TIME OF LATEST TRANSACTION | |
| control field | 20260515114355.0 |
| 008 - FIXED-LENGTH DATA ELEMENTS--GENERAL INFORMATION | |
| fixed length control field | 150213n ii |||gr||||Z||||||eng |
| 020 ## - INTERNATIONAL STANDARD BOOK NUMBER | |
| International Standard Book Number | 8123743424 |
| 040 ## - CATALOGING SOURCE | |
| Transcribing agency | MAIN |
| 041 ## - LANGUAGE CODE | |
| Language code of text/sound track or separate title | eng |
| 082 ## - DEWEY DECIMAL CLASSIFICATION NUMBER | |
| Classification number | 823N |
| 100 ## - MAIN ENTRY--PERSONAL NAME | |
| Personal name | Bano, J., |
| Relator term | Author. |
| 245 1# - TITLE STATEMENT | |
| Title | Alien home & other stories |
| Statement of responsibility, etc. | By Jeelani Bano |
| 250 ## - EDITION STATEMENT | |
| Edition statement | 1st. |
| 260 ## - PUBLICATION, DISTRIBUTION, ETC. | |
| Place of publication, distribution, etc. | New Delhi: |
| Name of publisher, distributor, etc. | National, |
| Date of publication, distribution, etc. | 2004. |
| 300 ## - PHYSICAL DESCRIPTION | |
| Extent | 154p. |
| 942 ## - ADDED ENTRY ELEMENTS (KOHA) | |
| Koha item type | Books |
| Withdrawn status | Lost status | Damaged status | Not for loan | Home library | Current library | Shelving location | Date acquired | Total checkouts | Full call number | Barcode | Date last seen | Copy number | Price effective from | Koha item type |
|---|---|---|---|---|---|---|---|---|---|---|---|---|---|---|
| Naharkatiya College Library | Naharkatiya College Library | General stacks | 09/19/2020 | 823N | BAN | 16187 | 09/19/2020 | 1 | 09/19/2020 | Books |